| 000 | 00463nam a2200169 a 4500 | ||
|---|---|---|---|
| 001 | 3179 | ||
| 005 | 20140414132023.0 | ||
| 008 | 060202s19uu xx 00 eng d | ||
| 020 | _a | ||
| 050 |
_aTR _bF92 1998 |
||
| 100 | _aLondon, Jonathan | ||
| 245 |
_aFroggy plays soccer / _cby Jonathan London ; illustrated by Frank Remkiewicz. |
||
| 260 |
_aNew York : _bScholastic, _c1999. |
||
| 300 | _a1 v. p. ; cm. | ||
| 650 |
_aSoccer _xFiction _x |
||
| 999 |
_c113515 _d113515 |
||